|
|
|
|
| LEADER |
00000nam a22000007a 4500 |
| 005 |
2021070206156.0 |
| 007 |
cr|||| |||| |
| 008 |
210702s2015 co |||||s|||| 00||0 spa d |
| 020 |
|
|
|a 978-958-762-386-4
|
| 035 |
|
|
|a 33398
|
| 040 |
|
|
|a vLex
|
| 090 |
|
|
|c 11831
|d 11831
|
| 100 |
1 |
|
|a Gavidia Anticona, Jb︢er A.
|
| 245 |
1 |
0 |
|a Lenguaje y comunicacin̤
|h [Recurso electrn̤ico] /
|c Jb︢er A. Gavidia Anticona
|
| 256 |
|
|
|a Servicio en ln̕ea
|
| 260 |
|
|
|a Bogot:̀
|b Ediciones de la U,
|c 2015
|
| 300 |
|
|
|a 1 recurso electrn̤ico
|
| 500 |
|
|
|a El props̤ito de este libro es acercar al lector hacia el fenm̤eno de la comunicacin̤ lingüs̕tica, invitarlo a reflexionar sobre los componentes de la lengua y a mejorar el uso de estos en su comunicacin̤ permanente: oral y escrita. Debe saber que vale la pena aproximarse al conocimiento de la lengua, revisar su estructura, su funcionamiento y sus modalidades. Por esta razn̤ se ha elaborado este volumen en un lenguaje sencillo, claro, buscando cierta amenidad.
|
| 506 |
1 |
|
|a Disponible solo en los productos indicados
|d vLex Global
|d vLex Global (Academic Edition, excluding Law Schools)
|d vLex Global (U.S. Academic Edition, Law Schools)
|d vLex Global (U.S. Academic Edition, excluding Law Schools)
|d vLex Global (Academic Edition, Law Schools)
|
| 650 |
0 |
4 |
|a Educacin̤
|z Colombia
|
| 740 |
0 |
|
|a vLex Libros (Servicio en ln̕ea)
|
| 856 |
4 |
0 |
|u https://vlex.com/source/lenguaje-y-comunicacion-33398
|z Acceso restringido
|
| 942 |
|
|
|c BOOK
|
| 999 |
0 |
|
|a Education
|